Statistics for US States By Island

Click here to take the quiz!

General Stats

  • This quiz has been taken 25 times
  • The average score is 13 of 15

Answer Stats

HintAnswer% Correct
OahuHawaii
100%
Liberty IslandNew York
100%
Kodiak IslandAlaska
95%
AlcatrazCalifornia
95%
Key WestFlorida
91%
NantucketMassachusetts
91%
San Juan IslandsWashington
91%
Mt. DesertMaine
86%
Beaver IslandMichigan
86%
Pea IslandNorth Carolina
86%
GalvestonTexas
86%
Block IslandRhode Island
82%
Grand IsleLouisiana
77%
Kent IslandMaryland
77%
Door IslandWisconsin
68%

Score Distribution

Percentile by Number Answered

Percent of People with Each Score

Your Score History

You have not taken this quiz